000 01089cab a2200481 4500
001 ABS46619
008 090401t1992 xxu||||| |||| 00| 0 eng d
035 _a(Sirsi) u58886
041 _aeng
245 2 _aA few home truths
260 _c1992
350 _a0
490 _aEconomist
_v323(7764) 20 June 1992, 99(1)
520 _aReview of house prices throughout the world.
650 _aAUSTRALIA
650 _aBELGIUM
650 _aBRUSSELS
650 _aCANADA
650 _aCOPENHAGEN
650 _aDENMARK
650 _aEIRE
650 _aFRANCE
650 _aFRANKFURT
650 _aGERMANY
650 _aHOUSE PRICES
650 _aITALY
650 _aJAPAN
650 _aMADRID
650 _aNETHERLANDS
650 _aNEW YORK
650 _aPARIS
650 _aSPAIN
650 _aSTOCKHOLM
650 _aSWEDEN
650 _aSYDNEY
650 _aTOKYO
650 _aTORONTO
650 _aUSA
690 _aPROPERTY-RESIDENTIAL PROPERTY-RESIDENTIAL PROPERTY MARKET
690 _aOVERSEAS
942 _n0
948 _c04/03/1997
999 _c36016
_d36016